[Event "Calvi Balagne op 05th"]
[Site "Calvi"]
[Date "2008.04.06"]
[Round "1"]
[White "Spirin, Oleg"]
[Black "Vanschamelhout, Julien"]
[Result "1-0"]
[WhiteElo "2430"]
[BlackElo "1740"]
[PlyCount "85"]
[EventDate "2008.04.06"]
[EventType "swiss"]
[EventRounds "9"]
[EventCountry "FRA"]
[SourceTitle "CBM 123 Extra"]
[Source "ChessBase"]
[SourceDate "2008.05.06"]
[SourceVersion "1"]
[SourceVersionDate "2008.05.06"]
[SourceQuality "1"]

1. d4 d5 2. c4 e6 3. Nc3 Nf6 4. cxd5 exd5 5. Bg5 c6 6. Qc2 Nbd7 7. e3 Bd6 8. Bd3 h6 9. Bh4 0-0 10. Nge2 Re8 11. h3 Qc7 12. 0-0-0 b5 13. Kb1 a5 14. Rc1 Qa7 15. Nd1 Bb7 16. f3 b4 17. e4 dxe4 18. fxe4 Bf8 19. Rf1 a4 20. Bxf6 Nxf6 21. Rxf6 gxf6 22. Qd2 Rad8 23. Ne3 Bc8 24. Rf1 Rxd4 25. Nxd4 Qxd4 26. Nc2 Qd6 27. Rd1 b3 28. axb3 axb3 29. Ne3 Be6 30. Qc3 Qd7 31. Bc4 Qa7 32. Bxb3 Bxb3 33. Qxb3 Rxe4 34. Ng4 Rxg4 35. hxg4 Qf2 36. Qf3 Qh4 37. Qf5 Qg5 38. Qxg5+ fxg5 39. Kc2 Kg7 40. Kb3 c5 41. Kc4 Kg6 42. Rd7 f5 43. gxf5+ 1-0

[Event "Corsica-chT"]
[Site "Porticcio"]
[Date "2007.04.01"]
[Round "4.4"]
[White "Geronimi, Pierre Francois"]
[Black "Vanschamelhout, Julien"]
[Result "1-0"]
[WhiteElo "1893"]
[BlackElo "1730"]
[PlyCount "81"]
[EventDate "2007.03.07"]
[EventType "team"]
[EventRounds "9"]
[EventCountry "FRA"]
[SourceTitle "CBM 117 Extra"]
[Source "ChessBase"]
[SourceDate "2007.05.09"]
[SourceVersion "1"]
[SourceVersionDate "2007.05.09"]
[SourceQuality "1"]
[WhiteTeam "Corsica CC Dream Team"]
[BlackTeam "Balagna CC"]
[WhiteTeamCountry "FRA"]
[BlackTeamCountry "FRA"]

1. e4 c5 2. Nf3 d6 3. d4 cxd4 4. Nxd4 Nf6 5. Nc3 g6 6. Bc4 Bg7 7. f3 Nc6 8. Be3 0-0 9. Bb3 Bd7 10. Qd2 Rb8 11. 0-0-0 b5 12. Ncxb5 Na5 13. Nc3 Nxb3+ 14. axb3 Qa5 15. Kb1 Rfc8 16. Nd5 Qd8 17. Bh6 Bh8 18. g4 Rc5 19. Nxe7+ Qxe7 20. Nf5 Rxf5 21. gxf5 Nxe4 22. fxe4 Qe5 23. Qc3 Qxe4 24. f6 Rc8 25. Rhe1 Rxc3 26. Rxe4 Rc8 27. Bg5 d5 28. Re7 Be6 29. Rxa7 h6 30. h4 hxg5 31. hxg5 Bf5 32. Rd2 Bg7 33. fxg7 Kxg7 34. Kc1 Be6 35. b4 Rb8 36. c3 Rh8 37. b5 Bf5 38. b3 Rh1+ 39. Kb2 Rb1+ 40. Ka2 Rc1 41. b6 1-0

[Event "Corsica-chT"]
[Site "Porticcio"]
[Date "2007.04.01"]
[Round "3.4"]
[White "Vanschamelhout, Julien"]
[Black "Clementi, Charles"]
[Result "1-0"]
[WhiteElo "1730"]
[BlackElo "1390"]
[PlyCount "21"]
[EventDate "2007.03.07"]
[EventType "team"]
[EventRounds "9"]
[EventCountry "FRA"]
[SourceTitle "CBM 117 Extra"]
[Source "ChessBase"]
[SourceDate "2007.05.09"]
[SourceVersion "1"]
[SourceVersionDate "2007.05.09"]
[SourceQuality "1"]
[WhiteTeam "Balagna CC"]
[BlackTeam "Tour du Nebbiu"]
[WhiteTeamCountry "FRA"]
[BlackTeamCountry "FRA"]

1. e4 Nf6 2. e5 Nd5 3. c4 Nb6 4. d4 e6 5. Nc3 Be7 6. Nf3 d6 7. Bd3 0-0 8. h4 dxe5 9. Nxe5 Qxd4 10. Bxh7+ Kxh7 11. Qxd4 1-0